Đánh giá hiện trạng nguồn nước ngầm tại một số khu dân cư xung quanh khu công nghiệp Hòa Khánh Thành phố Đà Nẵng
Đánh giá hiện trạng nguồn nước ngầm tại một số khu dân cư xung quanh khu công nghiệp Hòa Khánh Thành phố Đà Nẵng
Tallennettuna:
| Päätekijä: | |
|---|---|
| Muut tekijät: | |
| Aineistotyyppi: | Kirja |
| Kieli: | Vietnamese |
| Julkaistu: |
Đại học Đà Nẵng
Trường Đại học Sư Phạm
2010
|
| Sarja: | Khóa luận tốt nghiệp Đại học. Chuyên ngành: Sư phạm Sinh - Môi trường
|
| Aiheet: | |
| Tagit: |
Lisää tagi
Ei tageja, Lisää ensimmäinen tagi!
|
| Thư viện lưu trữ: | Mạng thư viện Đại học Đà Nẵng |
|---|
| LEADER | 01646nam a2200373 4500 | ||
|---|---|---|---|
| 001 | 000011464 | ||
| 003 | 7711 | ||
| 005 | 20120204150215.0 | ||
| 008 | 120204s2010 viesd | ||
| 041 | |a vie | ||
| 072 | |a Khóa luận tốt nghiệp | ||
| 082 | |a 553.79 |b HU-L | ||
| 100 | |a Huỳnh, Thị Thùy Liên | ||
| 245 | |a Đánh giá hiện trạng nguồn nước ngầm tại một số khu dân cư xung quanh khu công nghiệp Hòa Khánh Thành phố Đà Nẵng |c Huỳnh, Thị Thùy Liên | ||
| 260 | |a Đại học Đà Nẵng |b Trường Đại học Sư Phạm |c 2010 | ||
| 300 | |a 37 tr. |b Tóm tăt, Phụ lục, |c 29 cm | ||
| 490 | |a Khóa luận tốt nghiệp Đại học. Chuyên ngành: Sư phạm Sinh - Môi trường | ||
| 500 | |a Tham khảo Phụ lục, trang 37 | ||
| 520 | |a Đánh giá hiện trạng nguồn nước ngầm tại một số khu dân cư xung quanh khu công nghiệp Hòa Khánh Thành phố Đà Nẵng | ||
| 653 | |a nước ngầm | ||
| 653 | |a khu công nghiệp | ||
| 653 | |a Khóa luận tốt nghiệp Đại học | ||
| 653 | |a Khoa Sinh - Môi trường | ||
| 700 | |a Võ Văn Minh |c ThS |e Hướng dẫn | ||
| OWN | |a LSP | ||
| AVA | |a UDN50 |b LSP |d 553.79 HU-L |e available |t Error 5001 Not defined in file expand_doc_bib_avail. |f 1 |g 0 |h N |i 0 |k 1 | ||
| 999 | |a From the UDN01 | ||
| AVA | |a UDN50 |b LSP |d 553.79 HU-L |e available |t Error 5001 Not defined in file expand_doc_bib_avail. |f 1 |g 0 |h N |i 0 |k 1 | ||
| TYP | |a Monograph | ||
| TYP | |a Printed language | ||
| 980 | |a Mạng thư viện Đại học Đà Nẵng | ||